| 000 | 01288nam a22002777a 4500 | ||
|---|---|---|---|
| 001 | 8094 | ||
| 003 | FISKH | ||
| 005 | 20260323122542.0 | ||
| 008 | 250822b cb ||||| |||| 00| 0 eng d | ||
| 040 |
_aFISKH _bKhr _cFISKH _dFISKH |
||
| 050 | _aPZ7 | ||
| 082 | _a813 | ||
| 100 | _aMinistry of Education, Youth and Sports | ||
| 245 |
_aកូនមាន់ខ្ញុំ / _cក្រសួងអប់រំយុវជន និងកីឡា |
||
| 260 |
_aភ្នំពេញ : _bក្រសួងអប់រំយុវជន និងកីឡា , |
||
| 300 |
_a16 pages : _bcolor illustrations ; _c25 cm . |
||
| 505 | _aM | ||
| 520 | _aឧ៏ពុកម្តាយរបស់ធារ៉ាបានអោយកូនមាន់មួយសម្បុកទៅធារ៉ា ។ ធារ៉ាមានបំណងចិញ្ចឹមមាន់ដើម្បីលក់ទិញកាបូបថ្មី ។ | ||
| 520 | _aTheara's s parents gave him a hen with chicks. He planned to raise the chickens so she could sell them and buy a new bag. | ||
| 521 | 8 |
_a550
_bLexile estimate |
|
| 521 | 8 |
_aM
_bRaz-Plus |
|
| 650 | _aកូនមាន់ខ្ញុំ | ||
| 650 | _aMy chicks | ||
| 942 |
_2ddc _cKHB _n0 |
||
| 999 |
_c8094 _d8094 |
||